00421nam a2200157Ia 4500008004100000020001500041041001200056082001600068100001400084245008300098250000800181260002500189300000800214650001900222700002200241221030s9999 xx 000 0 und d a0074630784 aEnglish a105.23bDeo aS. G. Deo 0aText Book of Oridinary Differential Equationscby S. G. Deo, V. Lakshmikantham a2nd bTMHaNew Delhic2006 a303 aBE Mathematics aV. Lakshmikantham